| 000 | 00724nam a2200265Ia 4500 | ||
|---|---|---|---|
| 003 | OSt | ||
| 005 | 20221006145518.0 | ||
| 006 | a|||||r|||| 00| 0 | ||
| 007 | ta | ||
| 008 | 221006b |||||||| |||| 00| 0 eng d | ||
| 020 |
_c _7.95 |
||
| 024 | _a15,112 | ||
| 037 | _cTextual | ||
| 040 |
_aEASL _cEASL _beng |
||
| 041 |
_2eng _aeng |
||
| 082 | _aP41,90bW69xM93, L5 | ||
| 100 |
_aDe FRANCIS John _9108624 |
||
| 245 | 0 | _aAnnotated quotations from chairman Mao | |
| 260 |
_aNew Havan _b Yale University U.K. _c1975 |
||
| 300 |
_a314p. _ccm. |
||
| 650 | _aCEL | ||
| 700 | _a MAO Tse-tung | ||
| 942 |
_hP41,90bW69xM93, L5 _cTEXL _2CC |
||
| 999 |
_c1083198 _d1083198 |
||